|
|
|
|
| LEADER |
00000nam a2200000 a 4500 |
| 001 |
vtls001379607 |
| 003 |
SK-MaSNL |
| 005 |
20260301161342.0 |
| 008 |
160624s1996 xo 0 slo |
| 015 |
|
|
|a SNBJ1999/04-02098
|
| 035 |
|
|
|a SNK000333583
|
| 040 |
|
|
|a SNK
|b slo
|c SNK
|e AACR2
|
| 041 |
0 |
|
|a slo
|
| 044 |
|
|
|a xo
|c SK
|
| 080 |
|
|
|a 784.67:785.1(086.7)
|2 1981
|
| 245 |
1 |
|
|a Peter Nagy a deti
|h zvukový dokument
|n 2
|
| 260 |
|
|
|a Bratislava
|b BMG Ariola
|c 1996
|
| 300 |
|
|
|a 1 kompaktná platňa (43 min. 31 sek.)
|b stereo
|
| 500 |
|
|
|a Fotograf Fedor Nemec
|
| 505 |
0 |
|
|a Obsahujue 16 piesní
|
| 508 |
|
|
|a Aranžmán Peter Farnbauer
|
| 511 |
|
|
|a Spievajú Peter Nagy, Ivanka Fakačová, Martin Madej, Dada Kostolanská, Lucka Baráthová
|
| 511 |
|
|
|a Hrajú Peter Nagy, Peter Farnbauer
|
| 650 |
0 |
7 |
|a populárna hudba
|x piesne pre deti
|x platne kompaktné
|2 SNK
|9 293164
|
| 650 |
0 |
7 |
|a detské piesne
|2 SNK
|9 3415
|
| 655 |
|
7 |
|a kompaktné platne
|2 SNK
|9 70690
|
| 700 |
1 |
|
|a Farnbauer, Peter,
|d 1959-
|4 ara
|4 uci
|9 43653
|
| 700 |
1 |
|
|a Nagy, Peter,
|d 1959-
|4 uci
|4 roz
|9 98857
|
| 700 |
1 |
|
|a Fakačová, Ivanka
|4 roz
|9 523292
|
| 700 |
1 |
|
|a Madej, Martin
|4 roz
|9 294506
|
| 700 |
1 |
|
|a Kostolanská, Dada
|4 roz
|9 524243
|
| 700 |
1 |
|
|a Baráthová, Lucka
|4 roz
|9 524244
|
| 700 |
1 |
|
|a Nemec, Fedor
|4 fot
|9 285338
|
| 999 |
|
|
|c 809084
|d 811014
|
| 952 |
|
|
|t P60, <03>, [BOOK], {603}
|a SNK
|b SNK
|y PREZ
|7 0
|p 17A0216941
|o snkSCD 919/2
|i snkJK 533/99
|0 0
|1 0
|4 0
|d 1999-12-20
|l 0
|r 2005-01-02 00:00:00
|w 2026-02-24
|